000 00311nam a22001337a 4500
008 170616b xxu||||| |||| 00| 0 eng d
020 _a081228206X
041 _aeng
080 _a32
100 _a20
101 _aSHP
245 _aAUTONOMY, SOVEREIGNITY, AND SELF-DETERMINATION
_cHANNUM, H
942 _2udc
_cBK
999 _c17739
_d17739